Nucleic Acid Transfection

Gene Delivery into Mammalian Cells: An Overview on Existing Approaches Employed In Vitro and In Vivo, by Peter Hahn and Elizabeth Scanlan * Strategies for the Preparation of Synthetic Transfection Vectors, by Asier Unciti-Broceta, Matthew N. Bacon, and Mark Bradley * Cationic Lipids: Molecular Struc...

Πλήρης περιγραφή

Λεπτομέρειες βιβλιογραφικής εγγραφής
Συγγραφή απο Οργανισμό/Αρχή: SpringerLink (Online service)
Άλλοι συγγραφείς: Bielke, Wolfgang (Επιμελητής έκδοσης), Erbacher, Christoph (Επιμελητής έκδοσης)
Μορφή: Ηλεκτρονική πηγή Ηλ. βιβλίο
Γλώσσα:English
Έκδοση: Berlin, Heidelberg : Springer Berlin Heidelberg : Imprint: Springer, 2010.
Σειρά:Topics in Current Chemistry, 296
Θέματα:
Διαθέσιμο Online:Full Text via HEAL-Link
LEADER 03833nam a22004935i 4500
001 978-3-642-16430-9
003 DE-He213
005 20150520193356.0
007 cr nn 008mamaa
008 101112s2010 gw | s |||| 0|eng d
020 |a 9783642164309  |9 978-3-642-16430-9 
024 7 |a 10.1007/978-3-642-16430-9  |2 doi 
040 |d GrThAP 
050 4 |a QD433-436 
072 7 |a PSB  |2 bicssc 
072 7 |a SCI007000  |2 bisacsh 
082 0 4 |a 572.84  |2 23 
245 1 0 |a Nucleic Acid Transfection  |h [electronic resource] /  |c edited by Wolfgang Bielke, Christoph Erbacher. 
264 1 |a Berlin, Heidelberg :  |b Springer Berlin Heidelberg :  |b Imprint: Springer,  |c 2010. 
300 |a XII, 312 p.  |b online resource. 
336 |a text  |b txt  |2 rdacontent 
337 |a computer  |b c  |2 rdamedia 
338 |a online resource  |b cr  |2 rdacarrier 
347 |a text file  |b PDF  |2 rda 
490 1 |a Topics in Current Chemistry,  |x 0340-1022 ;  |v 296 
505 0 |a Gene Delivery into Mammalian Cells: An Overview on Existing Approaches Employed In Vitro and In Vivo -- Strategies for the Preparation of Synthetic Transfection Vectors -- Cationic Lipids: Molecular Structure/Transfection Activity Relationships and Interactions with Biomembranes -- Hyperbranched Polyamines for Transfection -- Carbohydrate Polymers for Nonviral Nucleic Acid Delivery -- Cationic Liposome–Nucleic Acid Complexes for Gene Delivery and Silencing: Pathways and Mechanisms for Plasmid DNA and siRNA -- Chemically Programmed Polymers for Targeted DNA and siRNA Transfection -- Photochemical Internalization: A New Tool for Gene and Oligonucleotide Delivery -- Visualizing Uptake and Intracellular Trafficking of Gene Carriers by Single-Particle Tracking. 
520 |a Gene Delivery into Mammalian Cells: An Overview on Existing Approaches Employed In Vitro and In Vivo, by Peter Hahn and Elizabeth Scanlan * Strategies for the Preparation of Synthetic Transfection Vectors, by Asier Unciti-Broceta, Matthew N. Bacon, and Mark Bradley * Cationic Lipids: Molecular Structure/Transfection Activity Relationships and Interactions with Biomembranes, by Rumiana Koynova and Boris Tenchov * Hyperbranched Polyamines for Transfection, by Wiebke Fischer, Marcelo Calderon, and Rainer Haag * Carbohydrate Polymers for Nonviral Nucleic Acid Delivery, by Antons Sizovs, Patrick M. McLendon, Sathya Srinivasachari, and Theresa M. Reineke * Cationic Liposome–Nucleic Acid Complexes for Gene Delivery and Silencing: Pathways and Mechanisms for Plasmid DNA and siRNA, by Kai K. Ewert, Alexandra Zidovska, Ayesha Ahmad, Nathan F. Bouxsein, Heather M. Evans, Christopher S. McAllister, Charles E. Samuel, and Cyrus R. Safinya * Chemically Programmed Polymers for Targeted DNA and siRNA Transfection, by Eveline Edith Salcher and Ernst Wagner * Photochemical Internalization: A New Tool for Gene and Oligonucleotide Delivery, by Kristian Berg, Maria Berstad, Lina Prasmickaite, Anette Weyergang, Pål K. Selbo, Ida Hedfors, and Anders Høgset * Visualizing Uptake and Intracellular Trafficking of Gene Carriers by Single-Particle Tracking, by N. Ruthardt and C. Bräuchle. 
650 0 |a Life sciences. 
650 0 |a Biochemical engineering. 
650 0 |a Bioorganic chemistry. 
650 0 |a Nucleic acids. 
650 1 4 |a Life Sciences. 
650 2 4 |a Nucleic Acid Chemistry. 
650 2 4 |a Biochemical Engineering. 
650 2 4 |a Bioorganic Chemistry. 
700 1 |a Bielke, Wolfgang.  |e editor. 
700 1 |a Erbacher, Christoph.  |e editor. 
710 2 |a SpringerLink (Online service) 
773 0 |t Springer eBooks 
776 0 8 |i Printed edition:  |z 9783642164293 
830 0 |a Topics in Current Chemistry,  |x 0340-1022 ;  |v 296 
856 4 0 |u http://dx.doi.org/10.1007/978-3-642-16430-9  |z Full Text via HEAL-Link 
912 |a ZDB-2-CMS 
950 |a Chemistry and Materials Science (Springer-11644)